00619 2200229 4500001002100000005001700021008004100038020001800079035002400097090002000121100002300141245006200164250001100226260003100237300002400268650002700292850001500319980001300334985000600347986001300353999002300366YOGYA-0209000005755520090227034233.0 ind  a979-413-676-X 0010-020900000057555 a425bSam PlDEP aSAMEKTO, Cecilia G aPopuler idioms for everyday occasionscCecilia G. Samekto aCet. 1 aYogyakartabKanisiusc1991 a98 hlmbilusc21 cm aBahasa Inggris - Idiom aYOPDYOGDEP a24-09-05 a1 afwhrtrev a1991-477 h CB-D.11